|
|
|
|
| LEADER |
00000nam0a2200000 4500 |
| 001 |
375134 |
| 005 |
20231102012716.0 |
| 010 |
|
|
|a 5020279501
|
| 035 |
|
|
|a (RuTPU)RU\TPU\retro\32570
|
| 035 |
|
|
|a RU\TPU\book\316274
|
| 090 |
|
|
|a 375134
|
| 100 |
|
|
|a 20221220d1993 m y0rusy50 ca
|
| 101 |
1 |
|
|a rus
|c gre
|
| 102 |
|
|
|a RU
|
| 105 |
|
|
|a y z 001gy
|
| 200 |
1 |
|
|a Греческая эпиграмма
|e пер. с древнегреч.
|f сост. Н. А. Чистякова
|
| 210 |
|
|
|a Санкт-Петербург
|c Наука
|d 1993
|
| 215 |
|
|
|a 448 с.
|
| 320 |
|
|
|a Примечания : с .365-447
|
| 606 |
1 |
|
|a Греческая литература
|2 stltpush
|3 (RuTPU)RU\TPU\subj\8636
|9 36008
|
| 610 |
1 |
|
|a эпиграммы
|
| 610 |
1 |
|
|a Древняя Греция
|
| 675 |
|
|
|a 875
|v 4
|
| 702 |
|
1 |
|a Чистякова
|b Н. А.
|4 220
|
| 801 |
|
1 |
|a RU
|b 63413507
|c 20150416
|
| 801 |
|
2 |
|a RU
|b 63413507
|c 20221220
|g RCR
|
| 942 |
|
|
|c BK
|